| 000 | 00000nam##2200000za#4500 |
| 001 | 9.633930 |
| 003 | CaOODSP |
| 005 | 20220901164738 |
| 007 | cr ||||||||||| |
| 008 | 150407|2002||||xxc|||||o f|0| 0 fre|d |
| 040 | |aCaOODSP|bfre |
| 043 | |an-cn--- |
| 086 | 1 |aJ2-246/2002F-PDF |
| 110 | 1 |aCanada.|bJustice Canada. |
| 245 | 10|aProfil de la criminalité dans les villes : |h[ressource électronique]|banalyse statistique multidimensionnelle / |c[Par] Kwing Hung, Chi Nguyen. |
| 260 | |aOttawa - Ontario : |bJustice Canada |c2002. |
| 300 | |a91p.|btableaux |
| 590 | |a07-04-Supp|b2007-06-29 |
| 691 | 07|aCrime|2gcpds |
| 691 | 07|aAnalyse statistique|2gcpds |
| 720 | 1 |aHung, Kwing |
| 720 | 1 |aNguyen, Chi |
| 775 | 08|tPatterns of crime in canadian cities : |w(CaOODSP)9.689528 |
| 856 | 40|ahttp://publications.gc.ca|qPDF|s374 Ko|uhttps://publications.gc.ca/collections/Collection/J2-246-2002F.pdf |